000 00612nam a2200241 i 4500
001 C2-0299977
003 PPAK
005 20180728081543.0
008 090930s2009 enk |||| ||||| | eng d
020 _a9780141322124
040 _aPPAK
_beng
_cPPAK
_erda
082 0 4 _a823
_223
090 0 0 _a823
_bCAS
_dG
100 1 _aCassidy, Cathy,
_eauthor
245 1 0 _aGinger snaps
264 1 _aLondon :
_bPuffin Books ,
_c2009
300 _a228 pages ;
_c20 cm
336 _2rdacontent
_atext
337 _2rdamedia
_aunmediated
338 _2rdacarrier
_avolume
650 1 0 _aEnglish fiction
942 _ddc
_cB
999 _c103892
_d103892